000 00552nam a2200181 4500
001 118856
003 ES-MaACL
005 20230906191208.0
007 t|
008 070214s1978 sp r ||||1| spa d
100 1 _aPetta, Paolo.
_991562
245 1 0 _aIdeología constitucional de la izquierda italiana
_b: (1892-1974) /
_cPaolo Petta ; versión de Alberto Clavería.
250 _a1ª. ed.
260 _aBarcelona :
_bBlume,
_c1978.
300 _a286 p. ;
_c21 cm.
700 1 _aClavería, Alberto.
_939126
852 _aES-MaACL
_jA-8846
_bR.97849
999 _c118856
_d118856